01364 2200241 4500001002100000005001500021035002000036245008300056100002000139300002700159700002300186700003000209260004600239082001000285084001600295020001600311650002400327520067300351008004101024990001901065990001901084990001901103INLIS00000000001453620241121024554 a0010-11240000411 aPublic relations writing :bPendekatan teoritis dan praktis /cYosal Iriantara0 aYosal Iriantara aviii, 244 hlm.; 24 cm.0 aSurachman, A. Yani0 aRema Karyanti S. (Editor) aBandung :bSimbiosa Rekatama Media,c2006 a659.2 a659.2 YOS p a979378224-2 aHubungan masyarakat aBuku ini menempatkan keterampilan menulis dalam konteks PR. Selain membahas aspek teknis penulisan, dibahas pula aspek teoritis selain konseptual penulisan dalam konteks PR. Dengan demikian, selain menguasai keterampilan menulis, juga ada pemahaman yang memampukan menempatkan keterampulan menulis itu dalam dunia ke-PR-an. Buku ini dirancang untuk para mahasiswa PR dan praktisi PR yang ingin meningkatkan keterampilan teknis menulisnya, sekaligus ingin memahami aspek teoretis dalam konteks PR. buku ini juga perlu dibaca oleh mereka yang meminati dunia PR atau masyarakat umum yang ingin memahami praktik PR yang memengaruhi kehidupan sebagai publik organisasi.241121 e 0 ind  a024.3164/PC/24 a024.3165/PC/24 a024.3166/PC/24